Teorija svaročnych processov : S osnovami fizičeskoj chimiji /
Salvato in:
| Autori principali: | , |
|---|---|
| Natura: | Libro |
| Lingua: | russo |
| Pubblicazione: |
Moskva :
Vyšča škola,
1977
|
| Edizione: | 2.pererab.izd. |
| Soggetti: | |
| Tags: |
Nessun Tag, puoi essere il primo ad aggiungerne!!
|
MARC
| LEADER | 00000nam a22000003a 4500 | ||
|---|---|---|---|
| 001 | stu40421 | ||
| 005 | 20150617225723.2 | ||
| 008 | 930504s1977----xxr-----------------rus-d | ||
| 040 | |a STU |b slo | ||
| 041 | 0 | |a rus | |
| 044 | |a xxr | ||
| 080 | |a 621.791 | ||
| 080 | |a 541.1 | ||
| 100 | 1 | |a Petrov, Georgij L |4 aut | |
| 245 | 1 | |a Teorija svaročnych processov : |b S osnovami fizičeskoj chimiji / |c [aut.]Georgij L. Petrov, Aleksej S. Tumarev | |
| 250 | |a 2.pererab.izd. | ||
| 260 | |a Moskva : |b Vyšča škola, |c 1977 | ||
| 300 | |a 389 s | ||
| 650 | 7 | |a zváranie |2 stusub | |
| 650 | 7 | |a chémia fyzikálna |2 stusub | |
| 700 | 1 | |a Tumarev, Aleksej S |4 aut | |
| 996 | |b M 24233 |c M*7704-1 |l MMKN |s A |a 24 |w stu40421_0001 | ||